Zbuku - piosenki - Statystyki

Ogólne statystyki
  • Ten quiz został rozwiązany 147 razy
  • Średni wynik to 4 z 20
Statystyki odpowiedzi
Wyświetlenia Nazwa piosenki % Poprawnych
64 mln Młoda krew
84%
41 mln Do końca
63%
27 mln Witam cię w polsce
47%
14 mln Ostatni drink
33%
16 mln Łap marzenia
22%
10,4 mln Czuję to
18%
6,6 mln Brat bratu bratem
16%
6,1 mln Że życie ma sens
15%
6,2 mln Torreador bitów
14%
6,1 mln La vida loca
13%
10,2 mln Tego nie da się naprawić
12%
6,3 mln To nie nasz klimat
10%
9,7 mln Ja i moje ziomki
9%
6,6 mln List do Boga
9%
7 mln Oddech
8%
7,8 mln Manewry miłosne
5%
10,1 mln Oddalam się
5%
5,6 mln To więcej niż muzyka
5%
11 mln Widzę spływam
4%
5,7 mln To nie tak
2%
Nie znaleziono quizów pasujących do podanych kryteriów
Rozkład punktacji
Procent ludzi z każdym wynikiem
Percentyl według liczby udzielonych odpowiedzi
Twoja historia wyników
Nie rozwiązałeś tego quizu